[Event "25.Schlosspark-Open"]
[Site "Wiesbaden-Biebrich"]
[Date "2013.08.24"]
[Round "5.28"]
[White "Berberich, Christoph"]
[Black "Rump, Andreas"]
[Result "1-0"]
[WhiteElo "2078"]
[BlackElo "1954"]
[PlyCount "89"]
[EventDate "2013.??.??"]
[WhiteTeam "SK Freiburg Zähringen 1887 e.V."]
[BlackTeam "SG Turm Idstein"]

1. d4 Nf6 2. Nf3 g6 3. c4 Bg7 4. Nc3 d6 5. e4 O-O 6. Be2 c6 7. O-O Nbd7 8. Qc2
e5 9. Rd1 Qe7 10. Rb1 a6 11. b4 c5 12. dxc5 dxc5 13. Ba3 b6 14. Nd5 Nxd5 15.
cxd5 Qd6 16. Rdc1 Bh6 17. bxc5 bxc5 18. Bxc5 Nxc5 19. Qxc5 Qxc5 20. Rxc5 Bg4
21. Rc7 Rab8 22. Rxb8 Rxb8 23. h3 Bxf3 24. gxf3 a5 25. d6 Rd8 26. d7 Bf8 27. a4
Be7 28. Ba6 Kf8 29. Bc8 Bb4 30. Kf1 Ke7 31. Rc6 Rf8 32. Ke2 Bd6 33. Kd3 Bb4 34.
Kc4 Be1 35. Rc5 f6 36. Kd5 Bb4 37. Rc6 Bd2 38. Re6+ Kd8 39. Kc6 Bc3 40. Ba6 Bb4
41. Bb5 Be7 42. Kd5 f5 43. Kxe5 fxe4 44. fxe4 Rxf2 45. Rc6 1-0

[Event "25.Schlosspark-Open"]
[Site "Wiesbaden-Biebrich"]
[Date "2013.08.24"]
[Round "5.29"]
[White "Holgert, Michael"]
[Black "Lenz, Jonas"]
[Result "1/2-1/2"]
[WhiteElo "2076"]
[BlackElo "1930"]
[PlyCount "41"]
[EventDate "2013.??.??"]
[WhiteTeam "ESV Lok Raw Cottbus e.V."]
[BlackTeam "SK Bad Homburg 1927"]

1. c4 Nf6 2. g3 e5 3. Bg2 d5 4. cxd5 Nxd5 5. Nc3 Nb6 6. Nf3 Nc6 7. O-O Be7 8.
a3 Be6 9. b4 a5 10. Rb1 f6 11. b5 Nd4 12. e3 Nxf3+ 13. Qxf3 Bc4 14. Qxb7 O-O
15. Re1 f5 16. Qf3 e4 17. Qd1 Bd3 18. Qb3+ Bc4 19. Qd1 Bd3 20. Qb3+ Bc4 21. Qd1
1/2-1/2

[Event "25.Schlosspark-Open"]
[Site "Wiesbaden-Biebrich"]
[Date "2013.08.24"]
[Round "5.30"]
[White "Diez, Gerhard"]
[Black "Fucik, Timo"]
[Result "1/2-1/2"]
[WhiteElo "1996"]
[BlackElo "2073"]
[PlyCount "140"]
[EventDate "2013.??.??"]
[WhiteTeam "SC Bad Nauheim"]
[BlackTeam "SK 1926 Ettlingen"]

1. e4 c5 2. Nf3 d6 3. d4 cxd4 4. Nxd4 Nf6 5. Nc3 a6 6. h3 b5 7. Nd5 e6 8. Nxf6+
Qxf6 9. g4 Bb7 10. Bg2 Nd7 11. g5 Qd8 12. O-O Be7 13. f4 Nc5 14. Qe2 d5 15. e5
Ne4 16. Kh2 g6 17. Be3 Qc7 18. Rad1 h6 19. gxh6 Bf8 20. Qg4 Qe7 21. Bxe4 dxe4
22. f5 exf5 23. Rxf5 Bxh6 24. e6 gxf5 25. Nxf5 Qc7+ 26. Kh1 Rd8 27. Nxh6 Rxd1+
28. Qxd1 Rxh6 29. Qd7+ Qxd7 30. exd7+ Kxd7 31. Bxh6 Ke6 32. Kg1 Bd5 33. a3 Ke5
34. Kf2 Be6 35. h4 Bg4 36. Ke3 Bf3 37. Bg7+ Kf5 38. a4 bxa4 39. c4 Ke6 40. h5
Bxh5 41. Kxe4 Kd6 42. Kd4 Bf3 43. Be5+ Kc6 44. Bf6 Bg4 45. Kc3 Be6 46. Kd4 Kb6
47. Bd8+ Kc6 48. Bf6 Bg4 49. Kc3 Kd6 50. Kb4 Ke6 51. Bd4 Be2 52. Kxa4 Bxc4 53.
Kb4 Kd5 54. Bf6 Ke6 55. Bd4 Kd5 56. Bf6 Bb5 57. Kc3 Ke6 58. Bh4 Ke5 59. Kd2 f5
60. Ke3 f4+ 61. Kf2 Bc4 62. Bd8 Ke4 63. Bf6 a5 64. Bg7 a4 65. Bh8 Bd5 66. Bg7
Kd3 67. Bf6 Kc2 68. Bg7 Kb3 69. Bf6 a3 70. bxa3 Kxa3 1/2-1/2

[Event "25.Schlosspark-Open"]
[Site "Wiesbaden-Biebrich"]
[Date "2013.08.24"]
[Round "5.31"]
[White "Sandten, Ulrich"]
[Black "Berger, Ewald"]
[Result "1-0"]
[WhiteElo "2073"]
[BlackElo "1923"]
[PlyCount "81"]
[EventDate "2013.??.??"]
[WhiteTeam "SF Vonkeln 1931"]
[BlackTeam "vereinslos"]

1. e4 c5 2. Nf3 d6 3. Bb5+ Bd7 4. Bxd7+ Nxd7 5. O-O g6 6. c3 Ngf6 7. Qe2 Bg7 8.
d4 Qb6 9. Re1 cxd4 10. cxd4 e6 11. Nc3 O-O 12. Bg5 Rfe8 13. Rad1 e5 14. dxe5
dxe5 15. Rd2 h6 16. Bh4 Qc6 17. Red1 g5 18. Rd6 Qc5 19. Bg3 Rad8 20. Ne1 Bf8
21. R6d2 Be7 22. h4 Nf8 23. hxg5 hxg5 24. Nd3 Qc4 25. Bxe5 Ng6 26. Bg3 Bf8 27.
f3 Bd6 28. Bxd6 Rxd6 29. Nf2 Qxe2 30. Nxe2 Rxd2 31. Rxd2 Ne5 32. Ng3 g4 33. f4
Ng6 34. e5 Nh7 35. Rd4 f6 36. Nxg4 fxe5 37. fxe5 Kf7 38. Nf5 Rh8 39. Rd6 Nhf8
40. Ngh6+ Ke8 41. e6 1-0

[Event "25.Schlosspark-Open"]
[Site "Wiesbaden-Biebrich"]
[Date "2013.08.24"]
[Round "5.32"]
[White "Kobs, Stephan"]
[Black "Neurohr, Jürgen"]
[Result "0-1"]
[WhiteElo "1986"]
[BlackElo "2060"]
[PlyCount "100"]
[EventDate "2013.??.??"]
[WhiteTeam "SC Bad Salzdetfurth"]
[BlackTeam "Sfr.Mainz 1928"]

1. e4 e5 2. Nf3 Nc6 3. Bb5 a6 4. Ba4 Nf6 5. d4 Nxe4 6. dxe5 Be7 7. Bxc6 dxc6 8.
Qxd8+ Bxd8 9. O-O Be7 10. Re1 Nc5 11. Bf4 Ne6 12. Bg3 h5 13. h3 h4 14. Bh2 Bd7
15. Nc3 O-O-O 16. a3 Rdg8 17. Rad1 g5 18. Nd4 Nxd4 19. Rxd4 g4 20. hxg4 Bxg4
21. Kh1 h3 22. Bg3 hxg2+ 23. Kxg2 Rg6 24. Rf4 Be6 25. Rh1 Rd8 26. Rd1 Bg5 27.
Rxd8+ Kxd8 28. Rd4+ Ke7 29. Ne4 Bc1 30. Kf1 Bd5 31. Nf6 Bxb2 32. Nxd5+ cxd5 33.
Rxd5 Bxa3 34. Rd3 Bc5 35. e6 Rxe6 36. Bxc7 Re4 37. Bg3 Rc4 38. Rd2 a5 39. Re2+
Kd7 40. Ke1 f6 41. Kd1 Bd4 42. Kc1 Bc3 43. Re3 b5 44. f3 Kc6 45. Be1 Bxe1 46.
Rxe1 Kd5 47. Kb2 Rf4 48. Re3 Kc4 49. Ka2 Rf5 50. Kb2 Re5 0-1

[Event "25.Schlosspark-Open"]
[Site "Wiesbaden-Biebrich"]
[Date "2013.08.24"]
[Round "5.33"]
[White "Kellerwessel, Ralf"]
[Black "Reinert, Stephane"]
[Result "0-1"]
[WhiteElo "1919"]
[BlackElo "2050"]
[PlyCount "80"]
[EventDate "2013.??.??"]
[WhiteTeam "SC Bad Soden"]
[BlackTeam "SC Bad Nauheim"]

1. f4 d6 2. Nc3 Nf6 3. g3 c5 4. Bg2 Nc6 5. Nf3 Bg4 6. h3 Bd7 7. e3 e5 8. d3 Be7
9. O-O O-O 10. b3 Rb8 11. Qe2 exf4 12. gxf4 Nh5 13. Kh2 Bf6 14. Bd2 Re8 15. Qf2
Nb4 16. Rac1 Bxc3 17. Bxc3 Nxa2 18. Bb2 Nxc1 19. Rxc1 Qe7 20. Re1 Bc6 21. Nd2
Bxg2 22. Qxg2 g6 23. Ne4 d5 24. Ng5 Nxf4 25. Qg4 Ne6 26. Nf3 f6 27. Nh4 Qd6+
28. Kh1 Ng5 29. Ng2 h5 30. Qf4 Re6 31. h4 Nf7 32. Qf3 Ne5 33. Bxe5 fxe5 34. Rg1
Rf8 35. Qe2 Ref6 36. Ne1 Kh7 37. d4 cxd4 38. exd4 e4 39. Ng2 Rf3 40. Ra1 Rh3+
0-1

[Event "25.Schlosspark-Open"]
[Site "Wiesbaden-Biebrich"]
[Date "2013.08.24"]
[Round "5.34"]
[White "Feicht, Arno"]
[Black "Bogucanin, Mirsad"]
[Result "1-0"]
[WhiteElo "2049"]
[BlackElo "1837"]
[PlyCount "89"]
[EventDate "2013.??.??"]
[WhiteTeam "Sfr. Anderssen Wetzlar"]
[BlackTeam "VSG 1880 Offenbach"]

1. d4 d5 2. Nc3 Nf6 3. Bg5 e6 4. e4 dxe4 5. Nxe4 Be7 6. Bxf6 Bxf6 7. Nf3 Nd7 8.
Qd2 O-O 9. Bd3 b6 10. O-O-O Bb7 11. h4 Qe7 12. Qf4 Rac8 13. Ne5 Bxe4 14. Qxe4
g6 15. Ba6 Rce8 16. Nc6 Qd6 17. Bc4 a5 18. h5 Bg5+ 19. Kb1 Qf4 20. Qe2 Nf6 21.
Ne5 Rd8 22. hxg6 hxg6 23. Nxg6 Qe4 24. Nxf8 Qxe2 25. Bxe2 Rxf8 26. Bd3 Rd8 27.
g3 Nd5 28. a3 Bf6 29. Be4 Ne7 30. c3 Bg7 31. Kc2 f5 32. Bf3 c6 33. Rde1 Kf7 34.
g4 Rd6 35. g5 c5 36. dxc5 bxc5 37. Bh5+ Kf8 38. Rd1 Rd5 39. Bf3 Rxd1 40. Rxd1
Ng6 41. Rd8+ Ke7 42. Ra8 Ne5 43. Ra7+ Kf8 44. Bh5 Nc4 45. Bf7 1-0

[Event "25.Schlosspark-Open"]
[Site "Wiesbaden-Biebrich"]
[Date "2013.08.24"]
[Round "5.35"]
[White "Lanz, Udo"]
[Black "Reh, Stefan"]
[Result "1-0"]
[WhiteElo "1896"]
[BlackElo "2048"]
[PlyCount "59"]
[EventDate "2013.??.??"]
[WhiteTeam "SC Eberbach"]
[BlackTeam "SC 1934 Gelnhausen"]

1. d4 d5 2. Bf4 e6 3. Nf3 Nf6 4. e3 Be7 5. h3 b6 6. c3 Ne4 7. Bd3 f5 8. Ne5 O-O
9. Nd2 Bb7 10. Ndf3 c5 11. Qc2 Nd6 12. g4 Nd7 13. Nxd7 Qxd7 14. Ne5 Qd8 15.
O-O-O c4 16. Be2 b5 17. Rdg1 Qa5 18. Kb1 b4 19. Qc1 Nb5 20. cxb4 Qxb4 21. gxf5
Rac8 22. Rxg7+ Kxg7 23. Qg1+ Kh8 24. Ng6+ hxg6 25. Qxg6 Bf6 26. Rg1 Qe7 27. Bg5
Bxg5 28. Rxg5 Rf7 29. f6 Rg8 30. Qxg8# 1-0

[Event "25.Schlosspark-Open"]
[Site "Wiesbaden-Biebrich"]
[Date "2013.08.24"]
[Round "5.36"]
[White "Stabernack, Joschi"]
[Black "Böddeker, Henry"]
[Result "0-1"]
[WhiteElo "2041"]
[BlackElo "1744"]
[PlyCount "84"]
[EventDate "2013.??.??"]
[WhiteTeam "Kasseler SK 1876"]
[BlackTeam "SV 1920 Hofheim"]

1. e4 d6 2. d4 Nf6 3. Nc3 e5 4. Nf3 Nbd7 5. g3 Be7 6. Bg2 c6 7. O-O O-O 8. h3
b5 9. a3 Qc7 10. Be3 Nb6 11. Nd2 a5 12. f4 exf4 13. Bxf4 Be6 14. b3 a4 15. b4
Rac8 16. Kh2 Nc4 17. Nxc4 Bxc4 18. Re1 Qd7 19. e5 Nd5 20. Ne4 Nxf4 21. gxf4 Qf5
22. Qg4 Qxg4 23. hxg4 dxe5 24. fxe5 f6 25. exf6 Bxf6 26. Nd6 Bxd4 27. Rad1 Bf2
28. Nxc8 Bxe1 29. Ne7+ Kf7 30. Rxe1 Re8 31. Bxc6 Rxe7 32. Rxe7+ Kxe7 33. Kg3
Kd6 34. Be4 Ke5 35. Bxh7 Kd4 36. Kf4 Kc3 37. Bd3 Bxd3 38. cxd3 Kxd3 39. Kf5 Kc3
40. Kg6 Kb3 41. Kxg7 Kxa3 42. Kf8 Kxb4 0-1

[Event "25.Schlosspark-Open"]
[Site "Wiesbaden-Biebrich"]
[Date "2013.08.24"]
[Round "5.37"]
[White "Hoffmann, Jens"]
[Black "Bingert, Tim Niklas"]
[Result "0-1"]
[WhiteElo "1655"]
[BlackElo "2026"]
[PlyCount "96"]
[EventDate "2013.??.??"]
[WhiteTeam "SF HN-Biberach 1978 e.V."]
[BlackTeam "SK Langen"]

1. e4 c5 2. Nf3 Nc6 3. d4 cxd4 4. Nxd4 g6 5. Nc3 Bg7 6. Be3 Nf6 7. f3 O-O 8.
Qd2 d5 9. Nxc6 bxc6 10. O-O-O Be6 11. Bh6 dxe4 12. fxe4 Qa5 13. Bxg7 Kxg7 14.
a3 Rab8 15. Be2 Rb7 16. Nb1 Qe5 17. Qd4 Qxe4 18. Bf3 Qxd4 19. Rxd4 Bd5 20. Rd3
e5 21. Rd2 Re8 22. Bxd5 cxd5 23. Re1 Rd7 24. Nc3 e4 25. Nb5 Ng4 26. h3 Ne5 27.
Nc3 Rc8 28. Kb1 Rxc3 29. bxc3 Nc4 30. Rd4 Nxa3+ 31. Kb2 Nc4+ 32. Rxc4 dxc4 33.
Rxe4 Rd2 34. g4 Rh2 35. Rxc4 Rxh3 36. Rf4 Rh4 37. c4 h5 38. c5 hxg4 39. c6 f5
40. c7 Rh8 41. Rd4 Rc8 42. Rd7+ Kf6 43. c4 g3 44. Kc3 f4 45. Kb4 g2 46. Kb5
g1=Q 47. Kc6 Qb6+ 48. Kd5 Qe6+ 0-1

[Event "25.Schlosspark-Open"]
[Site "Wiesbaden-Biebrich"]
[Date "2013.08.24"]
[Round "5.38"]
[White "Gentner, Markus"]
[Black "Kempfer, Justus"]
[Result "1/2-1/2"]
[WhiteElo "2025"]
[BlackElo "1683"]
[PlyCount "78"]
[EventDate "2013.??.??"]
[WhiteTeam "SG Stern Stuttgart"]
[BlackTeam "SJ Herborn 1998"]

1. Nf3 Nf6 2. d4 g6 3. c4 Bg7 4. Nc3 O-O 5. e4 d6 6. Be2 e5 7. dxe5 dxe5 8.
Qxd8 Rxd8 9. Bg5 Nbd7 10. O-O-O Rf8 11. Nd2 a5 12. Be3 c6 13. h4 Ne8 14. g4 Nc7
15. h5 Rd8 16. Nf3 Ne6 17. hxg6 hxg6 18. g5 Rb8 19. Rd2 Re8 20. Rhd1 Ndc5 21.
b3 b6 22. Kb2 Nf4 23. Bxc5 bxc5 24. Rd6 Bb7 25. Ne1 Ne6 26. R6d3 Nxg5 27. Rg3
Ne6 28. Nd3 Ba6 29. Ka3 Nd4 30. Ne1 a4 31. Rb1 axb3 32. axb3 Re7 33. Bf1 Ra7
34. Na4 Rab7 35. Rc3 Rb4 36. Ka2 Bf8 37. Nd3 R4b7 38. Nxe5 Bg7 39. f4 Ra7
1/2-1/2

[Event "25.Schlosspark-Open"]
[Site "Wiesbaden-Biebrich"]
[Date "2013.08.24"]
[Round "5.39"]
[White "Paschmann, Stefan"]
[Black "Puschendorf, Steffen"]
[Result "0-1"]
[WhiteElo "1886"]
[BlackElo "2220"]
[PlyCount "96"]
[EventDate "2013.??.??"]
[WhiteTeam "Krefelder SK Turm 1851 e"]
[BlackTeam "ESV Gera"]

1. d4 g6 2. Nf3 Bg7 3. Nc3 d5 4. Bf4 Nf6 5. e3 O-O 6. Be2 c5 7. Ne5 cxd4 8.
exd4 Nc6 9. O-O Bf5 10. Nxc6 bxc6 11. Be5 Qa5 12. Bd3 Bxd3 13. Qxd3 Rfd8 14.
Rfd1 Nd7 15. Bxg7 Kxg7 16. b3 Qc7 17. Na4 e5 18. dxe5 Qxe5 19. Re1 Qf6 20. Rad1
Re8 21. Kf1 Qf4 22. Rxe8 Rxe8 23. Qd4+ Qxd4 24. Rxd4 Re4 25. Rd2 Kf6 26. f3 Re5
27. c4 Ke6 28. cxd5+ cxd5 29. Nc3 a6 30. Kf2 g5 31. g3 Nb6 32. Rd4 Kf5 33. Na4
Nxa4 34. Rxa4 Re6 35. Rd4 Ke5 36. Rd2 Rc6 37. Ke2 d4 38. Kf2 Kd5 39. Ke2 f5 40.
Kf2 Rc3 41. h3 f4 42. gxf4 gxf4 43. h4 d3 44. h5 h6 45. Ke1 Kd4 46. b4 Ke3 47.
a4 Rc1+ 48. Rd1 d2+ 0-1

[Event "25.Schlosspark-Open"]
[Site "Wiesbaden-Biebrich"]
[Date "2013.08.24"]
[Round "5.41"]
[White "Keymer, Vincent"]
[Black "Böhmer, Thomas"]
[Result "1-0"]
[WhiteElo "1861"]
[BlackElo "2056"]
[PlyCount "57"]
[EventDate "2013.??.??"]
[WhiteTeam "SK Gau-Algesheim"]
[BlackTeam "Wiesbadener SV 1885"]

1. e4 c6 2. Nc3 d5 3. d4 dxe4 4. Nxe4 Bf5 5. Ng3 Bg6 6. Nh3 e6 7. Nf4 Bd6 8.
Nxg6 hxg6 9. Ne4 Nf6 10. Nxd6+ Qxd6 11. h3 Nbd7 12. Be2 O-O-O 13. c3 Nd5 14.
Bg5 f6 15. Bd2 Nf4 16. Bxf4 Qxf4 17. O-O e5 18. Rc1 Nb6 19. g3 Qh6 20. Bf3 e4
21. Bg2 e3 22. f4 g5 23. Qg4+ Kb8 24. fxg5 fxg5 25. Rce1 Rde8 26. Rf3 Nd5 27.
Rf5 g6 28. Rxg5 Nf6 29. Qf4+ 1-0

[Event "25.Schlosspark-Open"]
[Site "Wiesbaden-Biebrich"]
[Date "2013.08.24"]
[Round "5.42"]
[White "Wolf, Gabriel"]
[Black "Tepe, Josef"]
[Result "1-0"]
[WhiteElo "1859"]
[BlackElo "2044"]
[PlyCount "43"]
[EventDate "2013.??.??"]
[WhiteTeam "Vorw.Orient Mainz"]
[BlackTeam "SC Taunusstein 1966"]

1. d4 d5 2. c4 c6 3. Nf3 dxc4 4. a4 Nf6 5. Nc3 e6 6. e4 Bb4 7. Qc2 Qa5 8. Bd2
b5 9. Be2 Qb6 10. O-O O-O 11. e5 Bxc3 12. bxc3 Nd5 13. Ng5 g6 14. Rfb1 a6 15.
Bxc4 Bb7 16. Ne4 Nd7 17. Bxd5 exd5 18. Nd6 Bc8 19. Bh6 Rd8 20. Qd3 Nf8 21. Qf3
Be6 22. Qf6 1-0

[Event "25.Schlosspark-Open"]
[Site "Wiesbaden-Biebrich"]
[Date "2013.08.24"]
[Round "5.43"]
[White "Hipler, Andreas"]
[Black "Seehaus, Bernhard"]
[Result "1/2-1/2"]
[WhiteElo "1858"]
[BlackElo "2038"]
[PlyCount "52"]
[EventDate "2013.??.??"]
[WhiteTeam "SK Gau-Algesheim"]
[BlackTeam "SV Schachforum Darmstadt 1994"]

1. e4 d6 2. d4 Nf6 3. Nc3 c6 4. Bd3 e5 5. dxe5 dxe5 6. Nf3 Nbd7 7. O-O Be7 8.
Qe2 O-O 9. Bg5 h6 10. Bh4 Qc7 11. Nd1 Nc5 12. c3 Nxd3 13. Qxd3 Nh5 14. Bxe7
Qxe7 15. g3 Bh3 16. Re1 Rad8 17. Qc2 Qf6 18. Nh4 g6 19. Ne3 Ng7 20. Rad1 Ne6
21. Rxd8 Rxd8 22. Rd1 Ng5 23. Rxd8+ Qxd8 24. f3 Be6 25. a3 Qf6 26. Kf2 Nh3+
1/2-1/2

[Event "25.Schlosspark-Open"]
[Site "Wiesbaden-Biebrich"]
[Date "2013.08.24"]
[Round "5.44"]
[White "Rüll, Michael"]
[Black "Leidorf, Sebastian"]
[Result "1-0"]
[WhiteElo "1854"]
[BlackElo "2037"]
[PlyCount "139"]
[EventDate "2013.??.??"]
[WhiteTeam "SC 1952 Obertshausen"]
[BlackTeam "SV Bergwinkel"]

1. d4 d5 2. Bf4 e6 3. Nf3 c5 4. e3 Nc6 5. c3 Bd6 6. Ne5 Bxe5 7. dxe5 f6 8. Bd3
Qe7 9. Qh5+ Qf7 10. Qxf7+ Kxf7 11. exf6 Nxf6 12. Bd6 b6 13. Nd2 Rd8 14. Bg3 Bb7
15. Nf3 h6 16. Bb5 Rac8 17. O-O-O Ne4 18. Bh4 g5 19. Bxc6 Bxc6 20. Ne5+ Kf6 21.
Nxc6 Rxc6 22. Bg3 c4 23. f3 Nc5 24. h4 Nd3+ 25. Kb1 Kg7 26. hxg5 hxg5 27. Rh5
Kg6 28. Rdh1 Rg8 29. Rh6+ Kf7 30. Rh7+ Rg7 31. R1h5 a5 32. Rxg7+ Kxg7 33. Rxg5+
Kf7 34. Be5 b5 35. f4 Nxe5 36. Rxe5 Rd6 37. Rh5 b4 38. Kc2 Rb6 39. Re5 b3+ 40.
axb3 cxb3+ 41. Kc1 Rc6 42. f5 exf5 43. Rxd5 Rg6 44. Rxf5+ Ke6 45. Rf2 Ke5 46.
Kd2 Rd6+ 47. Ke2 Ra6 48. Rf4 a4 49. Rb4 Rg6 50. g4 Ra6 51. Kd2 Rd6+ 52. Kc1 Ra6
53. Rf4 Ra8 54. g5 Ra6 55. Kd2 Rd6+ 56. Ke2 Ra6 57. Kd3 Rd6+ 58. Rd4 Ra6 59.
Kc4 a3 60. bxa3 Rb6 61. Rd1 Ke4 62. Rb1 b2 63. a4 Kxe3 64. g6 Kd2 65. g7 Rc6+
66. Kb4 Rb6+ 67. Kc5 Rg6 68. Rxb2+ Kxc3 69. Rb7 Rg5+ 70. Kd6 1-0

[Event "25.Schlosspark-Open"]
[Site "Wiesbaden-Biebrich"]
[Date "2013.08.24"]
[Round "5.45"]
[White "Seickel, Ralf"]
[Black "Budde, Michael"]
[Result "1-0"]
[WhiteElo "2037"]
[BlackElo "1845"]
[PlyCount "105"]
[EventDate "2013.??.??"]
[WhiteTeam "SV 1926 Neu-Isenburg"]
[BlackTeam "SC 1979 Hattersheim"]

1. Nf3 Nf6 2. c4 e6 3. g3 d5 4. Bg2 Be7 5. O-O O-O 6. b3 c5 7. Bb2 Nc6 8. e3 d4
9. exd4 cxd4 10. Re1 Qb6 11. d3 Bd6 12. Ba3 Nb4 13. Bc1 a5 14. Ne5 Qc7 15. a3
Na6 16. Nf3 e5 17. Nbd2 Bf5 18. Ne4 Nxe4 19. dxe4 Bg4 20. h3 Bd7 21. Bb2 b6 22.
Nxd4 exd4 23. Qxd4 f6 24. Rad1 Be5 25. Qd5+ Rf7 26. Qxa8+ Bc8 27. Bxe5 fxe5 28.
h4 Nc5 29. Bh3 Rf8 30. Bxc8 Rxc8 31. Qd5+ Kh8 32. Re3 Rf8 33. Rf3 Re8 34. Rf7
Qc8 35. b4 axb4 36. axb4 Ne6 37. Qd7 Qa8 38. Qb7 Qa4 39. Qd5 Nd4 40. Rxd4 exd4
41. Qxd4 Rg8 42. h5 h6 43. b5 Qb3 44. Kg2 Kh7 45. e5 Qa2 46. e6 Qa8+ 47. Qd5
Qc8 48. Qc6 Qb8 49. e7 Qe5 50. Qg6+ Kh8 51. Rxg7 Qxg7 52. e8=Q Qb7+ 53. Qec6
1-0

[Event "25.Schlosspark-Open"]
[Site "Wiesbaden-Biebrich"]
[Date "2013.08.24"]
[Round "5.46"]
[White "Koch, Thomas"]
[Black "Scharrer, Udo"]
[Result "0-1"]
[WhiteElo "1836"]
[BlackElo "2036"]
[PlyCount "76"]
[EventDate "2013.??.??"]
[WhiteTeam "SV 1934 Ffm-Griesheim"]
[BlackTeam "SG Stern Stuttgart"]

1. e4 c5 2. Nf3 Nc6 3. d4 cxd4 4. Nxd4 Nf6 5. Nc3 e5 6. Ndb5 d6 7. Bg5 a6 8.
Na3 b5 9. Nd5 Be7 10. Bxf6 Bxf6 11. Nxf6+ Qxf6 12. c3 O-O 13. Qd2 Bb7 14. Be2
Rfd8 15. Rd1 Ne7 16. f3 d5 17. O-O Ng6 18. Qc2 Nf4 19. g3 Nxe2+ 20. Qxe2 dxe4
21. Rxd8+ Rxd8 22. fxe4 Qb6+ 23. Rf2 Qg6 24. c4 b4 25. Nc2 a5 26. Rf5 Qb6+ 27.
Qe3 Qd6 28. Ne1 f6 29. Rf2 Qc6 30. Rd2 Rxd2 31. Qxd2 Qxe4 32. Qd8+ Kf7 33. Qd7+
Kg6 34. Qd3 Kf5 35. Qd7+ Kg6 36. Qd3 f5 37. Qd6+ Kh5 38. Qe7 Qxe1# 0-1

[Event "25.Schlosspark-Open"]
[Site "Wiesbaden-Biebrich"]
[Date "2013.08.24"]
[Round "5.47"]
[White "Meaubert, Thomas"]
[Black "Supplieth, Peter"]
[Result "0-1"]
[WhiteElo "1834"]
[BlackElo "2000"]
[PlyCount "68"]
[EventDate "2013.??.??"]
[WhiteTeam "Sfr. Hochheim"]
[BlackTeam "SC Kevelaer 1948 e.V."]

1. d4 Nf6 2. Nf3 c5 3. e3 e6 4. Bd3 d5 5. b3 Nc6 6. Bb2 Bd7 7. Nbd2 Rc8 8. O-O
Nb4 9. Ne5 Nxd3 10. Nxd7 Nxb2 11. Nxf6+ Qxf6 12. Qb1 c4 13. bxc4 Ba3 14. cxd5
exd5 15. Nf3 O-O 16. Ne5 Qf5 17. Nd3 Nxd3 18. cxd3 b6 19. Qb3 Be7 20. Rac1 Qd7
21. Qb2 Qa4 22. Rxc8 Rxc8 23. Rc1 Rxc1+ 24. Qxc1 Qxa2 25. g3 g6 26. Qc8+ Kg7
27. Qd7 Bf6 28. Qb5 Qa5 29. Qb3 a6 30. Kg2 h5 31. h4 Qb5 32. Qc3 a5 33. e4 dxe4
34. dxe4 Qb4 0-1

[Event "25.Schlosspark-Open"]
[Site "Wiesbaden-Biebrich"]
[Date "2013.08.24"]
[Round "5.48"]
[White "Cichy, Michael"]
[Black "Happel, Jonas"]
[Result "1-0"]
[WhiteElo "1992"]
[BlackElo "1780"]
[PlyCount "83"]
[EventDate "2013.??.??"]
[WhiteTeam "SC Braunschweig Gliesmarode v. 1"]
[BlackTeam "SV 1920 Hofheim"]

1. d4 d5 2. Nf3 Nf6 3. c4 e6 4. Nc3 c6 5. Bg5 Be7 6. e3 O-O 7. Qc2 Nbd7 8.
O-O-O h6 9. h4 Nh7 10. Bf4 f5 11. Kb1 Nhf6 12. cxd5 cxd5 13. Bd3 Ne4 14. Nb5 e5
15. Nxe5 Nxe5 16. Bxe5 Bd6 17. Bxd6 Nxd6 18. Nc7 Rb8 19. Nxd5 Be6 20. Nf4 Bf7
21. d5 Rc8 22. Qa4 a6 23. Rc1 Rxc1+ 24. Kxc1 Ne4 25. Bxe4 fxe4 26. Qd4 Qc7+ 27.
Kb1 Rc8 28. Qd2 Rd8 29. h5 Qd6 30. Rd1 Kh7 31. Qd4 Re8 32. a3 b5 33. Rc1 Kg8
34. Rc6 Qd7 35. Rxa6 b4 36. Ra7 Qb5 37. axb4 Rc8 38. Qxe4 Qf1+ 39. Ka2 Re8 40.
Ne6 Bxe6 41. dxe6 Qxf2 42. Qg6 1-0

[Event "25.Schlosspark-Open"]
[Site "Wiesbaden-Biebrich"]
[Date "2013.08.24"]
[Round "5.49"]
[White "Reichenbächer, Thomas"]
[Black "Anhalt, Albert"]
[Result "1/2-1/2"]
[WhiteElo "1966"]
[BlackElo "1776"]
[PlyCount "64"]
[EventDate "2013.??.??"]
[WhiteTeam "SC Steißlingen"]
[BlackTeam "SG Turm Idstein"]

1. g3 Nf6 2. Bg2 d5 3. d4 c6 4. Nf3 g6 5. O-O Bg7 6. c4 O-O 7. Qb3 Qb6 8. Nc3
Qxb3 9. axb3 e6 10. Bf4 Na6 11. Rfd1 Rd8 12. Be5 h6 13. Nd2 Ng4 14. Bxg7 Kxg7
15. c5 e5 16. h3 exd4 17. Na4 Nf6 18. Nf3 Ne4 19. Rac1 Ng5 20. Nxg5 hxg5 21.
Rxd4 Rh8 22. e4 dxe4 23. Rxe4 Be6 24. b4 Nc7 25. Nc3 a6 26. Re5 Rad8 27. b3 Rd4
28. Re4 Rhd8 29. Rce1 Rxe4 30. Rxe4 Rd7 31. Re3 Bxb3 32. Ne4 Bd5 1/2-1/2

[Event "25.Schlosspark-Open"]
[Site "Wiesbaden-Biebrich"]
[Date "2013.08.24"]
[Round "5.50"]
[White "Brandt, Michael"]
[Black "Karthaus, Carsten"]
[Result "0-1"]
[WhiteElo "1758"]
[BlackElo "1965"]
[PlyCount "46"]
[EventDate "2013.??.??"]
[WhiteTeam "Wiesbadener SV 1885"]
[BlackTeam "SG Stern Stuttgart"]

1. f4 d5 2. e3 Nf6 3. Nf3 c5 4. b3 Nc6 5. Bb5 Bd7 6. Bb2 e6 7. d3 Qa5+ 8. Nc3
d4 9. exd4 cxd4 10. Bxc6 Bxc6 11. Nxd4 Bb4 12. Nxc6 Bxc3+ 13. Bxc3 Qxc3+ 14.
Ke2 Qxc6 15. Rg1 Nd5 16. Qd2 Qc3 17. g3 Rc8 18. Rac1 O-O 19. a4 Rc6 20. Rg2
Rfc8 21. Qxc3 Rxc3 22. Kd2 Nb4 23. Kd1 Nxd3 0-1

[Event "25.Schlosspark-Open"]
[Site "Wiesbaden-Biebrich"]
[Date "2013.08.24"]
[Round "5.51"]
[White "Schmid, Eugen"]
[Black "Goebel, Knut"]
[Result "1-0"]
[WhiteElo "1959"]
[BlackElo "1766"]
[PlyCount "39"]
[EventDate "2013.??.??"]
[WhiteTeam "SV Herrenberg e.V."]
[BlackTeam "SC Ober-Ramstadt"]

1. d4 d5 2. Nf3 Nf6 3. c4 c6 4. Qc2 dxc4 5. Qxc4 e6 6. Nc3 b5 7. Qb3 Bb7 8. g3
Nbd7 9. Bg2 a6 10. O-O Be7 11. Rd1 Qc8 12. Bf4 O-O 13. Rac1 Qe8 14. Ne5 Nd5 15.
Nxd5 exd5 16. Nxc6 Nb6 17. Nxe7+ Qxe7 18. Rc7 Qxe2 19. Rxb7 Nc4 20. Bxd5 1-0

[Event "25.Schlosspark-Open"]
[Site "Wiesbaden-Biebrich"]
[Date "2013.08.24"]
[Round "5.52"]
[White "Braunberger, Gerald"]
[Black "Kokhnover, Ilia"]
[Result "0-1"]
[WhiteElo "1951"]
[BlackElo "1757"]
[PlyCount "41"]
[EventDate "2013.??.??"]
[WhiteTeam "SK Bad Homburg 1927"]
[BlackTeam "vereinslos"]

1. c4 e5 2. g3 Nc6 3. Bg2 Nf6 4. Nc3 Bb4 5. e3 O-O 6. Nge2 Re8 7. O-O Rb8 8. a3
Bxc3 9. Nxc3 b6 10. b4 Bb7 11. d4 exd4 12. exd4 Ne7 13. Bxb7 Rxb7 14. Bg5 d5
15. Bxf6 gxf6 16. Qf3 c6 17. Qxf6 dxc4 18. Rfe1 Rd7 19. Ne4 Nd5 20. Qxc6 Rde7
21. Kf1 0-1

[Event "25.Schlosspark-Open"]
[Site "Wiesbaden-Biebrich"]
[Date "2013.08.24"]
[Round "5.53"]
[White "Wilke, Tabea"]
[Black "Haftmann, Rainer"]
[Result "0-1"]
[WhiteElo "1749"]
[BlackElo "1939"]
[PlyCount "68"]
[EventDate "2013.??.??"]
[WhiteTeam "SC 1979 Hattersheim"]
[BlackTeam "SAbt SG 1945 Dietzenbach"]

1. e4 e5 2. Nf3 Nc6 3. Bb5 a6 4. Ba4 Nf6 5. O-O b5 6. Bb3 Be7 7. d3 O-O 8. h3
d6 9. c3 h6 10. Re1 Na5 11. Bc2 c5 12. a4 Be6 13. d4 cxd4 14. cxd4 Qc7 15. Bd2
Nc4 16. b3 Nxd2 17. Nbxd2 Rfc8 18. Rc1 bxa4 19. bxa4 Rab8 20. Bd3 Qa5 21. Rxc8+
Rxc8 22. d5 Bd7 23. Nc4 Qb4 24. a5 Rxc4 25. Bxc4 Qxc4 26. Nd2 Qb4 27. f3 Bd8
28. Nb3 Ba4 29. Re3 Bxa5 30. Kh1 Bb6 31. Rd3 Nd7 32. Qc1 Bxb3 33. Qc8+ Nf8 34.
Qxa6 Qe1+ 0-1